|
|
|
|
| LEADER |
00000nam0a2200000 4500 |
| 001 |
286858 |
| 005 |
20231101235931.0 |
| 020 |
|
|
|a RU
|b 85-48124
|
| 035 |
|
|
|a (RuTPU)RU\TPU\book\311211
|
| 090 |
|
|
|a 286858
|
| 100 |
|
|
|a 20150310d1985 m y0rusy5003 ca
|
| 101 |
0 |
|
|a rus
|
| 102 |
|
|
|a RU
|
| 105 |
|
|
|a y z 001zy
|
| 200 |
1 |
|
|a Экономические проблемы морального износа и модернизации жилых зданий
|f Е. М. Блех
|
| 210 |
|
|
|a Москва
|c Стройиздат
|d 1985
|
| 215 |
|
|
|a 109 с.
|
| 320 |
|
|
|a Библиогр.: с. 107-108
|
| 606 |
1 |
|
|a Жилые здания
|x Износ и эксплуатация
|2 stltpush
|3 (RuTPU)RU\TPU\subj\11015
|9 38002
|
| 610 |
1 |
|
|a строительное дело
|
| 610 |
1 |
|
|a реконструкция
|
| 610 |
1 |
|
|a модернизация
|
| 610 |
1 |
|
|a потребительская стоимость
|
| 610 |
1 |
|
|a моральный износ
|
| 610 |
1 |
|
|a физический износ
|
| 610 |
1 |
|
|a экономическая эффективность
|
| 610 |
1 |
|
|a проектные решения
|
| 610 |
1 |
|
|a технико-экономическая оценка
|
| 610 |
1 |
|
|a расчетные формулы
|
| 610 |
1 |
|
|a расчетные оценки
|
| 610 |
1 |
|
|a сметная стоимость
|
| 675 |
|
|
|a 69.059.4
|v 3
|
| 700 |
|
1 |
|a Блех
|b Е. М.
|g Евгений Михайлович
|
| 801 |
|
0 |
|a RU
|b RuMRKP
|c 19950704
|g psbo
|
| 801 |
|
1 |
|a RU
|b 63413507
|c 20150310
|
| 801 |
|
2 |
|a RU
|b 63413507
|c 20171120
|g RCR
|
| 942 |
|
|
|c BK
|